"As" the World Turns - Statistics

General Stats
  • This quiz has been taken 15 times
  • The average score is 15 of 20
Answer Stats
Hint Answer % Correct
A helper, often employed by dentists, scientists, and magicians Assistant
100%
A popular flower, often pink or purple in color Aster
100%
George Jetson's dog Astro
100%
One who "sails to the stars," or at least to the Moon Astronaut
100%
Fortunetelling based on your birth date Astrology
93%
A place for refugees or the criminally insane Asylum
93%
Nick and Nora Charles' dog in "The Thin Man" films Asta
86%
Ginger Rogers' most famous dance partner, or his sister, Adele Astaire
86%
A space rock Asteroid
86%
A star-shaped symbol that indicates a footnote* Asterisk
79%
A fancy necktie, or the fancy horse race it is named for Ascot
71%
Inane or foolish Asinine
71%
The study of the Heavens Astronomy
71%
A particular feature of something, or a ratio used in photography Aspect
57%
What you should never do, (lest you make an ass of you and me) Assume
57%
A French-Belgian comic book character from ancient Gaul Asterix
57%
Where the Norse gods hang out Asgard
50%
Something a stage actor says to the audience that the other actors apparently do not hear Aside
50%
Lou Grant from "The Mary Tyler Moore Show" and... "Lou Grant" Asner
43%
A savory gelatin used to suspend meats or veggies for presentation Aspic
43%
No matching quizzes found
Score Distribution
Percent of People with Each Score
Percentile by Number Answered
Your Score History
You have not taken this quiz